书目信息 |
| 题名: |
原子弹出世记
|
|
| 作者: | 罗兹 著 ;周直 , 夏岩 译 | |
| 分册: | ||
| 出版信息: | 天津 天津人民出版社 1991 |
|
| 页数: | 1039页 | |
| 开本: | 20cm | |
| 丛书名: | ||
| 单 册: | ||
| 中图分类: | G321.9 | |
| 科图分类: | ||
| 主题词: | 科学事业史--世界 | |
| 电子资源: | ||
| ISBN: | 7-201-00635-5 | |
| 000 | 00630nam0 2200217 45 | |
| 001 | 0404301426 | |
| 005 | 20041229092422.3 | |
| 010 | @a7-201-00635-5@dCNY23.80 | |
| 100 | @a20040430d1991 km y0chiy0120 ea | |
| 101 | 0 | @achi@ceng |
| 105 | @a z 000yy | |
| 200 | 1 | @a原子弹出世记@AYuan Zi Dan Chu Shi Ji@f(美)理·罗兹著@F(Mei)Li·Luo Zi Zhu@g周直,夏岩译 |
| 210 | @a天津@c天津人民出版社@d1991 | |
| 215 | @a1039页@d20cm | |
| 606 | 0 | @a科学事业史@x世界 |
| 690 | @aG321.9@v3 | |
| 701 | 0 | @a罗兹@4著 |
| 702 | 0 | @a周直@AZhou Zhi@4译 |
| 702 | 0 | @a夏岩@AXia Yan@4译 |
| 801 | @aCN@bTSTCL@c20040430 | |
| 905 | @dG321.9@e11-2@f1@b245776 | |
| 原子弹出世记/(美)理·罗兹著/周直,夏岩译.-天津:天津人民出版社,1991 |
| 1039页;20cm |
| ISBN 7-201-00635-5:CNY23.80 |
| ● |
| 相关链接 |
|
|
|
|
正题名:原子弹出世记
索取号:G321.9/11-2
 
预约/预借
| 序号 | 登录号 | 条形码 | 馆藏地/架位号 | 状态 | 备注 |
| 1 | 0245774 | 000985483 | 密集书库/ [索取号:G321.9/11-2] | 在馆 | |
| 2 | 0245775 | 000986393 | 密集书库/ [索取号:G321.9/11-2] | 在馆 | |
| 3 | 0245776 | 000985492 | 密集书库/ [索取号:G321.9/11-2] | 在馆 |